00457nam a2200157Ia 4500001001000000003000500010008004100015010001100056040000900067100001800076245005600094260005600150300001000206440004500216650003800261Para_3785CHAP220125s1947 xx 000 0 und d a202306 cCHAP aTinley, J. M aThe dairy situation in California /c J. M. Tinley aBerkeley, Cal. :b Agricultural Experiment Station a24 p. aCalifornia. Agri. Exp. Sta. circular 366 aIndustría lechera x California